[Event "Basel Easter op"]
[Site "Basel"]
[Date "2024.03.31"]
[Round "6"]
[White "Hirzel, Cedric"]
[Black "Pahud, Cedric"]
[Result "1/2-1/2"]
[WhiteElo "2023"]
[BlackElo "2097"]
[PlyCount "38"]
[EventDate "2024.03.28"]
[EventType "swiss"]
[EventRounds "9"]
[EventCountry "SUI"]
[SourceTitle "CB14_2024"]
[SourceDate "2024.04.01"]
[SourceVersion "1"]
[SourceVersionDate "2024.04.01"]
[SourceQuality "1"]

1. Nf3 d5 2. c4 e6 3. g3 Nf6 4. Bg2 Be7 5. 0-0 0-0 6. d4 Nbd7 7. Qc2 a5 8. Nc3 dxc4 9. e4 c6 10. e5 Nd5 11. Ne4 h6 12. Qxc4 b6 13. Qxc6 Ba6 14. Re1 Rc8 15. Qa4 b5 16. Qd1 Qb6 17. Be3 b4 18. Rc1 Bb5 19. Qd2 Nxe3 1/2-1/2

[Event "Basel Easter op"]
[Site "Basel"]
[Date "2024.03.30"]
[Round "4"]
[White "Hirzel, Cedric"]
[Black "Aditya, Kunal Patil"]
[Result "1/2-1/2"]
[WhiteElo "2023"]
[BlackElo "2051"]
[PlyCount "46"]
[EventDate "2024.03.28"]
[EventType "swiss"]
[EventRounds "9"]
[EventCountry "SUI"]
[SourceTitle "CB14_2024"]
[SourceDate "2024.04.01"]
[SourceVersion "1"]
[SourceVersionDate "2024.04.01"]
[SourceQuality "1"]

1. c4 e6 2. Nf3 d5 3. e3 Nf6 4. Nc3 Bd6 5. d4 0-0 6. Be2 Nbd7 7. 0-0 b6 8. b3 Bb7 9. Bb2 a6 10. Qc2 dxc4 11. bxc4 e5 12. dxe5 Nxe5 13. Nd5 Nxf3+ 14. Bxf3 Nxd5 15. cxd5 Qg5 16. Rad1 Rae8 17. Qb3 f5 18. Ba3 Rd8 19. Bxd6 Rxd6 20. Rd4 Kh8 21. Qd3 Rf7 22. Re1 Rf8 23. Qc2 Rf7 1/2-1/2

[Event "Basel Easter op"]
[Site "Basel"]
[Date "2024.03.29"]
[Round "3"]
[White "Monteverde, Jonathan"]
[Black "Hirzel, Cedric"]
[Result "1-0"]
[WhiteElo "2088"]
[BlackElo "2023"]
[PlyCount "49"]
[EventDate "2024.03.28"]
[EventType "swiss"]
[EventRounds "9"]
[EventCountry "SUI"]
[SourceTitle "CB14_2024"]
[SourceDate "2024.04.01"]
[SourceVersion "1"]
[SourceVersionDate "2024.04.01"]
[SourceQuality "1"]

1. d4 Nf6 2. c4 e6 3. Nc3 Bb4 4. Qc2 0-0 5. Nf3 c5 6. dxc5 Na6 7. g3 Nxc5 8. Bg2 b6 9. 0-0 Bb7 10. Nb5 Be4 11. Qd1 a6 12. Nd6 Bc6 13. Ne5 Bxg2 14. Kxg2 Qc7 15. a3 Nb7 16. axb4 Nxd6 17. b3 Nf5 18. Bb2 d5 19. e3 Rfd8 20. Qf3 Nd7 21. Nxd7 Qxd7 22. Rfd1 Ra7 23. cxd5 exd5 24. e4 dxe4 25. Qxf5 1-0

[Event "Wch U16"]
[Site "Montesilvano"]
[Date "2023.11.21"]
[Round "8"]
[White "Hirzel, Cedric"]
[Black "Nemsadze, Daviti"]
[Result "1/2-1/2"]
[WhiteElo "2118"]
[BlackElo "2300"]
[PlyCount "280"]
[EventDate "2023.11.13"]
[EventType "swiss"]
[EventRounds "11"]
[EventCountry "ITA"]
[SourceTitle "CB48_2023"]
[SourceDate "2023.11.29"]
[SourceVersion "1"]
[SourceVersionDate "2023.11.29"]
[SourceQuality "1"]

1. d4 Nf6 2. c4 e6 3. Nf3 b6 4. g3 Ba6 5. b3 Bb4+ 6. Bd2 Be7 7. Bg2 c6 8. 0-0 0-0 9. Bc3 d5 10. Ne5 Qc7 11. Nd2 Nbd7 12. Nxd7 Qxd7 13. e4 dxe4 14. Nxe4 Rfd8 15. Qc2 Rac8 16. a4 h6 17. Rfd1 Nxe4 18. Bxe4 Bf6 19. Qe2 Qc7 20. Rd2 Rd7 21. Rad1 Rcd8 22. Qe3 Bb7 23. h4 Qd6 24. c5 Qc7 25. b4 Ba6 26. Qf3 Rc8 27. Rb1 Bc4 28. b5 Bd5 29. Bb4 cxb5 30. axb5 Bxe4 31. Qxe4 bxc5 32. Bxc5 Rcd8 33. Rc2 Qb8 34. Rb4 Rd5 35. Ra2 R8d7 36. Kg2 Be7 37. Rc2 Rc7 38. Bxe7 Rxe7 39. Rc5 Red7 40. Rbc4 Rd8 41. Rb4 Qb6 42. Rbc4 Qb8 43. Rb4 g6 44. Rxd5 Rxd5 45. Qb1 Qb7 46. Kg1 Qb6 47. Qb2 e5 48. Kg2 exd4 49. Qd2 d3 50. Rb3 Qd4 51. Rc3 Kg7 52. Rb3 Qc4 53. Rb4 Qc2 54. Qxc2 dxc2 55. Rc4 Rxb5 56. Rxc2 a5 57. Rc6 f5 58. Ra6 g5 59. h5 g4 60. Rg6+ Kh7 61. Ra6 Rc5 62. Ra7+ Kg8 63. Ra6 Kg7 64. Rg6+ Kh7 65. Ra6 f4 66. gxf4 Rxh5 67. Kg3 Rc5 68. Kxg4 h5+ 69. Kh4 Kg7 70. Re6 Kf7 71. Re4 Kf6 72. f3 Rb5 73. Re3 a4 74. Ra3 Ra5 75. f5 Kxf5 76. Kxh5 Kf4+ 77. Kg6 Ra6+ 78. Kf7 Ke5 79. Ke7 Ra7+ 80. Kd8 Kd5 81. f4 Kd6 82. Ke8 Re7+ 83. Kd8 Rf7 84. Rd3+ Kc5 85. Rf3 Kb4 86. Ke8 Rf5 87. Ke7 a3 88. Ke6 a2 89. Kxf5 a1Q 90. Re3 Kc5 91. Re5+ Kd6 92. Kg4 Qc3 93. Kf5 Qh3+ 94. Kg5 Kd7 95. Kf6 Qg4 96. Re4 Qh4+ 97. Ke5 Ke7 98. Kf5+ Kf7 99. Re5 Qh1 100. Kg4 Qg2+ 101. Kh4 Qf3 102. Rf5+ Kg6 103. Rf8 Qf2+ 104. Kg4 Qe2+ 105. Kg3 Qd3+ 106. Kg4 Qc4 107. Kf3 Qf1+ 108. Kg3 Qd3+ 109. Kg4 Qa3 110. Rg8+ Kf6 111. Rg5 Qd3 112. Re5 Kf7 113. Rf5+ Kg6 114. Rg5+ Kf7 115. Rf5+ Ke6 116. Re5+ Kf6 117. Rg5 Qe4 118. Kg3 Qe3+ 119. Kg4 Qf2 120. Rf5+ Ke6 121. Re5+ Kd6 122. Kg5 Qg3+ 123. Kf5 Kd7 124. Ke4 Qh3 125. Rg5 Kd6 126. Re5 Qg3 127. Rd5+ Kc6 128. Rg5 Qf2 129. Re5 Qe2+ 130. Kf5 Qg2 131. Re3 Kd7 132. Re5 Qh1 133. Kg4 Kd6 134. Rg5 Qg2+ 135. Kf5 Qe2 136. Rg6+ Kd5 137. Kg5 Qg2+ 138. Kf5 Qh3+ 139. Kg5 Qg3+ 140. Kf5 Qh4 1/2-1/2

[Event "Wch U16"]
[Site "Montesilvano"]
[Date "2023.11.18"]
[Round "6"]
[White "Hirzel, Cedric"]
[Black "Ince, Taylan Ruzgar"]
[Result "1/2-1/2"]
[WhiteElo "2118"]
[BlackElo "2312"]
[PlyCount "51"]
[EventDate "2023.11.13"]
[EventType "swiss"]
[EventRounds "11"]
[EventCountry "ITA"]
[SourceTitle "CB48_2023"]
[SourceDate "2023.11.29"]
[SourceVersion "1"]
[SourceVersionDate "2023.11.29"]
[SourceQuality "1"]

1. d4 Nf6 2. c4 e6 3. Nf3 d5 4. g3 Be7 5. Bg2 0-0 6. 0-0 a5 7. Qc2 Nc6 8. Bf4 Nb4 9. Qc1 dxc4 10. Qxc4 Nfd5 11. a3 Nxf4 12. gxf4 Nd5 13. e3 Bd7 14. Ne5 c6 15. Nc3 Be8 16. Ne4 Rc8 17. Rac1 Kh8 18. Kh1 b6 19. Nd3 Bd7 20. b4 axb4 21. axb4 f6 22. Qb3 g6 23. Ng3 Bd6 24. Ne4 Be7 25. Nd2 Bd6 26. Ne4 1/2-1/2

[Event "Arco op 45th"]
[Site "Arco"]
[Date "2023.10.08"]
[Round "2"]
[White "Hirzel, Cedric"]
[Black "Voll, Oddvar U"]
[Result "1/2-1/2"]
[WhiteElo "2160"]
[BlackElo "1931"]
[PlyCount "82"]
[EventDate "2023.10.07"]
[EventType "swiss"]
[EventRounds "9"]
[EventCountry "ITA"]
[SourceTitle "Mega2024 Update 01"]
[Source "Chessbase"]
[SourceDate "2023.11.12"]
[SourceVersion "1"]
[SourceVersionDate "2023.11.12"]
[SourceQuality "1"]

1. d4 Nf6 2. c4 c5 3. d5 b5 4. cxb5 a6 5. e3 g6 6. Nc3 d6 7. Nf3 Bg7 8. a4 0-0 9. Ra3 Nfd7 10. Qb3 axb5 11. axb5 Nb6 12. Rxa8 Nxa8 13. Be2 Nb6 14. 0-0 Bg4 15. e4 N8d7 16. Be3 Qc7 17. h3 Bxf3 18. Bxf3 Ra8 19. Be2 Ra5 20. Rc1 Qa7 21. Qd1 Qa8 22. Bg5 Bf8 23. Qd2 Ra1 24. Kh2 Rxc1 25. Qxc1 Qa5 26. b3 Bg7 27. Bd2 Qb4 28. Qc2 c4 29. bxc4 Nxc4 30. Nb1 Nxd2 31. Nxd2 Nc5 32. g3 Bc3 33. Nc4 Bd4 34. Kg2 Nd7 35. Qa2 Nb6 36. Na5 Qe1 37. Bf3 Bxf2 38. Qxf2 Qxa5 39. Be2 Qa7 40. Qd4 Qc7 41. h4 h5 1/2-1/2

[Event "SUI-ch Blitz"]
[Site "Biel"]
[Date "2023.07.29"]
[Round "1"]
[White "Fecker, Noah"]
[Black "Hirzel, Cedric"]
[Result "1-0"]
[WhiteElo "2392"]
[BlackElo "2062"]
[PlyCount "49"]
[EventDate "2023.07.29"]
[EventType "swiss (blitz)"]
[EventRounds "13"]
[EventCountry "SUI"]
[SourceTitle "CBM 215 Extra"]
[Source "ChessBase"]
[SourceDate "2023.09.30"]
[SourceVersion "1"]
[SourceVersionDate "2023.09.30"]
[SourceQuality "1"]

1. e4 e6 2. d4 d5 3. Nd2 c5 4. Ngf3 cxd4 5. Nxd4 Nc6 6. Bb5 Bd7 7. Nxc6 bxc6 8. Bd3 Bd6 9. c4 Ne7 10. Qe2 0-0 11. e5 Bc7 12. 0-0 c5 13. b3 dxc4 14. Nxc4 Bc6 15. Rd1 Nd5 16. Qh5 g6 17. Qh6 Qd7 18. Bg5 f6 19. exf6 Qf7 20. Be4 Nxf6 21. Bxc6 Ng4 22. Qh4 Bxh2+ 23. Kh1 Bc7 24. f3 Nh2 25. Rd7 1-0

[Event "Arco op 44th"]
[Site "Arco"]
[Date "2022.10.15"]
[Round "8"]
[White "Hirzel, Cedric"]
[Black "Csontos, Aron"]
[Result "1/2-1/2"]
[WhiteElo "1772"]
[BlackElo "1962"]
[PlyCount "49"]
[EventDate "2022.10.08"]
[EventType "swiss"]
[EventRounds "9"]
[EventCountry "ITA"]
[SourceTitle "CBM 210 Extra"]
[Source "ChessBase"]
[SourceDate "2022.11.30"]
[SourceVersion "1"]
[SourceVersionDate "2022.11.30"]
[SourceQuality "1"]

1. d4 Nf6 2. c4 e6 3. Nf3 d5 4. g3 dxc4 5. Bg2 c5 6. 0-0 Nc6 7. dxc5 Qxd1 8. Rxd1 Bxc5 9. Nbd2 c3 10. bxc3 0-0 11. Nb3 Bb6 12. Ba3 Re8 13. Nfd4 Ne5 14. Nb5 Nc4 15. Bc5 Bd7 16. Rxd7 Nxd7 17. Bxb6 Ndxb6 18. Nc7 Nd5 19. Bxd5 exd5 20. Rd1 Nb6 21. Na5 Rac8 22. Nxe8 Rxe8 23. Kf1 Rc8 24. Rd3 Rb8 25. Rd4 1/2-1/2

[Event "Davos Summer op 21st"]
[Site "Davos"]
[Date "2022.08.07"]
[Round "5"]
[White "Hirzel, Cedric"]
[Black "Karnaukh, Anatolij"]
[Result "1/2-1/2"]
[WhiteElo "1669"]
[BlackElo "2059"]
[PlyCount "59"]
[EventDate "2022.08.05"]
[EventType "swiss"]
[EventRounds "5"]
[EventCountry "SUI"]
[SourceTitle "CBM 209 Extra"]
[Source "ChessBase"]
[SourceDate "2022.09.30"]
[SourceVersion "1"]
[SourceVersionDate "2022.09.30"]
[SourceQuality "1"]

1. d4 Nf6 2. c4 g6 3. Nf3 Bg7 4. Nc3 d5 5. h3 0-0 6. cxd5 Nxd5 7. e4 Nxc3 8. bxc3 c5 9. Be3 Qa5 10. Bd2 Qc7 11. Be2 Nc6 12. Rc1 e6 13. 0-0 b6 14. Qa4 Bb7 15. Ba6 Na5 16. Bxb7 Nxb7 17. Rfd1 a6 18. Qc2 h6 19. g3 Rfd8 20. Bf4 Qc6 21. Ne5 Qe8 22. Qb2 b5 23. h4 f6 24. Nd3 e5 25. dxe5 fxe5 26. Be3 Rac8 27. Qc2 a5 28. Nb2 a4 29. Rxd8 Rxd8 30. Rd1 1/2-1/2

[Event "Davos Summer op 21st"]
[Site "Davos"]
[Date "2022.08.06"]
[Round "3"]
[White "Boschetti, Claudio"]
[Black "Hirzel, Cedric"]
[Result "1/2-1/2"]
[WhiteElo "2039"]
[BlackElo "1669"]
[PlyCount "122"]
[EventDate "2022.08.05"]
[EventType "swiss"]
[EventRounds "5"]
[EventCountry "SUI"]
[SourceTitle "CBM 209 Extra"]
[Source "ChessBase"]
[SourceDate "2022.09.30"]
[SourceVersion "1"]
[SourceVersionDate "2022.09.30"]
[SourceQuality "1"]

1. e4 e6 2. Nf3 d5 3. Nc3 Nf6 4. e5 Nfd7 5. d4 c5 6. dxc5 Nc6 7. Bf4 a6 8. Bd3 Nxc5 9. h4 Qb6 10. Rb1 Bd7 11. 0-0 Rc8 12. Re1 Nxd3 13. cxd3 Bc5 14. Bg3 Ne7 15. d4 Bb4 16. Bf4 Qa5 17. Bd2 0-0 18. a3 Bxc3 19. Bxc3 Qd8 20. Qd2 Nc6 21. Qd3 f6 22. exf6 Qxf6 23. Qe3 Rce8 24. Rbc1 Qf4 25. Qxf4 Rxf4 26. Re3 e5 27. g3 Rg4 28. Nxe5 Nxe5 29. Rxe5 Bc6 30. Rce1 Kf7 31. Rxe8 Bxe8 32. Re5 Bc6 33. Kg2 Rg6 34. f4 Re6 35. Kf2 g6 36. g4 Kf6 37. Ba5 Rxe5 38. dxe5+ Ke6 39. Bc3 h5 40. Kg3 Be8 41. f5+ gxf5 42. gxh5 Bxh5 43. Kf4 Bf7 44. Bd4 b5 45. Kg5 a5 46. h5 Bg8 47. b3 a4 48. bxa4 bxa4 49. h6 Bh7 50. Bc3 Kf7 51. Bd4 Ke6 52. Kf4 Kf7 53. Be3 Kg6 54. Kf3 Bg8 55. Bf4 d4 56. Ke2 Bc4+ 57. Kd2 Kh7 58. Ke1 Kg6 59. Kf2 Bd5 60. Kg3 Bc4 61. Bd2 Bg8 1/2-1/2

[Event "Schaffhausen op"]
[Site "Schaffhausen"]
[Date "2022.03.18"]
[Round "1"]
[White "Hirzel, Cedric"]
[Black "Kelecevic, Nedeljko"]
[Result "0-1"]
[WhiteElo "1590"]
[BlackElo "2169"]
[PlyCount "48"]
[EventDate "2022.03.18"]
[EventType "swiss"]
[EventRounds "5"]
[EventCountry "SUI"]
[SourceTitle "CBM 207 Extra"]
[Source "ChessBase"]
[SourceDate "2022.05.31"]
[SourceVersion "1"]
[SourceVersionDate "2022.05.31"]
[SourceQuality "1"]

1. d4 e6 2. c4 Nf6 3. g3 d5 4. Nf3 dxc4 5. Bg2 Nc6 6. Qa4 Bb4+ 7. Nfd2 Nd5 8. Qb5 Bxd2+ 9. Nxd2 c3 10. bxc3 Nxc3 11. Qc5 Nd5 12. 0-0 Nde7 13. Ne4 0-0 14. h4 Bd7 15. h5 h6 16. Rb1 b6 17. Qc2 Rc8 18. g4 f5 19. gxf5 Nxf5 20. Qc4 Nd6 21. Qd3 Kh8 22. Rd1 a5 23. Nc5 bxc5 24. dxc5 Ne5 0-1

[Event "Stein am Rhein op 12th"]
[Site "Stein am Rhein"]
[Date "2021.11.05"]
[Round "1"]
[White "Hirzel, Cedric"]
[Black "Moehlmann, Axel"]
[Result "1-0"]
[WhiteElo "1629"]
[BlackElo "1321"]
[PlyCount "85"]
[EventDate "2021.11.05"]
[EventType "swiss"]
[EventRounds "5"]
[EventCountry "SUI"]
[SourceTitle "EXT 2023"]
[Source "ChessBase"]
[SourceDate "2022.10.05"]
[SourceVersion "1"]
[SourceVersionDate "2022.10.05"]
[SourceQuality "1"]

1. c4 b6 2. Nf3 e6 3. g3 Nf6 4. Bg2 Bb7 5. 0-0 Be7 6. d4 0-0 7. Nc3 h6 8. a3 d5 9. Qc2 Re8 10. Bf4 Bd6 11. e3 c5 12. Bxd6 Qxd6 13. Nb5 Qd8 14. dxc5 bxc5 15. cxd5 a6 16. dxe6 Rxe6 17. Nc3 Qe7 18. Nh4 Bxg2 19. Kxg2 Qb7+ 20. Kg1 Nbd7 21. Na4 Rb8 22. Nxc5 Qxb2 23. Qxb2 Rxb2 24. Nxe6 fxe6 25. Nf3 Kf7 26. Rfb1 Rc2 27. Rb7 Rc5 28. Rd1 Ke7 29. e4 Ke8 30. Rd6 e5 31. Nh4 Nf8 32. Nf5 N6d7 33. Rxa6 g6 34. Nxh6 Rc8 35. Rba7 Nc5 36. Ra8 Rxa8 37. Rxa8+ Ke7 38. f3 Nfd7 39. Ng4 Nd3 40. Ne3 Kf6 41. Nd5+ Ke6 42. Re8+ Kf7 43. Re7+ 1-0